00974nam a2200253 a 450000100060000000300080000600500170001400800410003103500190007204000260009104100080011708200240012508800270014924500880017626000400026430000200030449000890032450000420041350000330045550500790048865000310056771100620059883000600066046409BD-RjUL20211209054140.0020816s1937 sz i100 0 eng d a(BD-RjUL)46527 aBD-RjULbengcBD-RjUL aeng a337.56641bINT 1937 aC.289.M.190.1937.II.B.00aInternational sugar conference :bheld in London from April 5th to May 6th, 1937 / aGeneva :bLeague of Nations,c1937. a83 p. ;c33 cm.1 aSeries of League of Nations publications. II, Economic and financial ;v1937.II.B.8. a"Offical no.: C.289.M.190.1937.II.B." a"Geneva, October 27th, 1937"0 aI. Text of the agreement--II. Proceedings and documents of the conference. 0aSugar laws and legislation2 aInternational Sugar Conferenced(1937 :cLondon, England) 0aSeries of League of Nations publications.v1937.II.B.8.